Statistics for Hard Boulder Problems

Click here to take the quiz!

General Stats

  • This quiz has been taken 8 times
  • The average score is 8 of 30

Answer Stats

Answer% Correct
Burden of Dreams
83%
Sleepwalker
83%
Box Therapy
67%
Hypnotized Minds
67%
Floatin'
50%
No Kpote Only
50%
Off the Wagon Sit
50%
Return of the Sleepwalker
50%
Soudain Seul
50%
The Process
50%
Big Z
33%
Grand Illusion
33%
REM
33%
Big Conviction
17%
Creature from the Black Lagoon
17%
Insomniac
17%
Nexus
17%
United
17%
Brutal Rider
0%
Drop a Line
0%
Ephyra
0%
Ganesh
0%
Hallucination
0%
Hypothèse assis
0%
La Révolutionnaire Extension
0%
Ledoborec
0%
Moonlight Sonata
0%
Nayuta
0%
Poison the Well
0%
Terranova
0%

Score Distribution

Percentile by Number Answered

Percent of People with Each Score

Your Score History

You have not taken this quiz